000 01036cam a2200289 a 4500
001 14608300
005 20170105102842.0
008 061024s2007 caua b 001 0 eng
010 _a 2006905942
020 _a0495008621 (pbk.)
040 _aDLC
_cDLC
_dDLC
043 _an-us---
050 0 0 _aJZ1480
_b.R67 2007
082 0 0 _a353.130973
_222
100 1 _aRosati, Jerel A.,
_d1953-
245 1 4 _aThe politics of United States foreign policy /
_cJerel A. Rosati, James M. Scott.
250 _a4th ed.
260 _aBelmont, CA :
_bThomson/Wadsworth,
_cc2007.
300 _axxiv, 596 p. :
_bill. ;
_c24 cm.
504 _aIncludes bibliographical references (p. [533]-584) and index.
651 0 _aUnited States
_xForeign relations administration.
651 0 _aUnited States
_xForeign relations
_y1945-
651 0 _aUnited States
_xPolitics and government
_y1945-1989.
906 _a7
_bcbc
_corigcop
_d2
_eopcn
_f20
_gy-gencatlg
942 _2ddc
_cBK
999 _c13921
_d13921